000
00232nam a2200097Ia 4500
001
718449
005
20250826163023.0
008
250824s9999 xx 000 0 und d
245
0
_a
TİMUR
_c
M. SAMİH FETHİ
260
_b
PANAMA YAYINLARI
999
_c
718449
_d
718449